Statistics for Primate Pokemon

Click here to take the quiz!

General Stats

  • This quiz has been taken 609 times
    (353 since last reset)
  • The average score is 17 of 21

Answer Stats

Type(s)Pokemon% Correct
FightingMankey
98%
FightingPrimeape
97%
FireChimchar
93%
Fire-FightingInfernape
93%
Fire-FightingMonferno
92%
GrassPansage
81%
WaterPanpour
80%
FirePansear
80%
WaterSimipour
80%
GrassSimisage
80%
FireSimisear
80%
GrassGrookey
79%
GradeRillaboom
78%
Normal-PsychicOranguru
73%
NormalAipom
72%
NormalSlaking
72%
GrassThwackey
72%
NormalSlakoth
71%
FightingPassimian
70%
NormalVigoroth
70%
NormalAmbipom
69%

Score Distribution

Percentile by Number Answered

Percent of People with Each Score

Your Score History

You have not taken this quiz since the last reset